00453nam a2200181 a 4500001001300000003000900013005001700022008004100039020001000080082001500090100001400105245001900119260004600138300000800184500003500192505002800227650001600255nice12345678IN_TiNIC20260116011541.0050524s1897 luca grp 000 0 urd  ac10000a297.8bKNO aKnowles,  aA`Ina-E-Islam. aLucknowbMethodist Publishing Housec1897 a64p aincludes index and biblioraphy2 aHand Written Manuscript aIslam-Sects